• Grieco Gianfranco (et al.)

di Personal Name

Records bibliografici associati: 1

001 - CONTROL NUMBER

  • control field: 61871

003 - CONTROL NUMBER IDENTIFIER

  • control field:

005 - DATE AND TIME OF LATEST TRANSACTION

  • control field: 20250319103811.0

008 - FIXED-LENGTH DATA ELEMENTS

  • fixed length control field: 250319|| aca||aabn | a|a d

040 ## - CATALOGING SOURCE

  • Original cataloging agency:
  • Transcribing agency:

100 ## - HEADING--PERSONAL NAME

  • Personal name: Grieco Gianfranco (et al.)

670 ## - SOURCE DATA FOUND

  • Source citation: Work cat.: ()224520: Grieco Gianfranco (et al.), I nonni: la loro testimonianza e presenza nella famiglia. XVIII Assemblea plenaria del Pontificio Consiglio per la Famiglia, Vaticano, 3-5 aprile 2008, 2008
CREDITS: SOCIETA' SAN PAOLO Via A.Severo, 58 - ROMA (RM) & PERIODICI SAN PAOLO SRL Via Giotto, 36 MILANO & CISF Via Giotto, 36 MILANO & EDIZIONI SAN PAOLO SRL,  Piazza Soncino, 5 CINISELLO BALSAMO (MI) -- ITALY